000 00286cam a2200109ua 4500
020 _a81 7061 022 2
082 _a028.71631
_bBUR/HA
245 _aHand book Agricultural Machinery Terminology /
260 _a :
_bBuraeu of Indian standards ,
_c1989.
300 _a88 ; .
942 _cBK
999 _c10275
_d10275